[Event "Parana-ch"]
[Site "Foz do Iguacu"]
[Date "2008.01.27"]
[Round "9"]
[White "Souza, David"]
[Black "Flores, Claudir"]
[Result "0-1"]
[WhiteElo "1864"]
[BlackElo "1800"]
[PlyCount "94"]
[EventDate "2008.01.23"]
[EventType "swiss"]
[EventRounds "9"]
[EventCountry "BRA"]
[SourceTitle "EXT 2010"]
[Source "ChessBase"]
[SourceDate "2010.11.25"]
[SourceVersion "1"]
[SourceVersionDate "2010.11.25"]
[SourceQuality "1"]

1. d4 Nf6 2. c4 g6 3. Nc3 Bg7 4. e4 d6 5. f4 Bg4 6. Qc2 Bd7 7. Bd3 Nc6 8. Nf3 Bg4 9. Be3 Bxf3 10. gxf3 Nh5 11. e5 dxe5 12. fxe5 Nb4 13. Qa4+ Nc6 14. 0-0-0 0-0 15. Rhg1 f5 16. f4 Nxd4 17. Bxf5 Rxf5 18. Rxd4 Qc8 19. Nd5 Kf7 20. Qa3 Bf8 21. Qd3 c5 22. Re4 Ng7 23. Bf2 Qc6 24. Ne3 Rh5 25. h4 Ne6 26. Nd5 Rd8 27. Rg4 Bh6 28. Kb1 b5 29. Qe2 Rf5 30. b3 bxc4 31. bxc4 Rb8+ 32. Ka1 Qb7 33. Qc2 Bg7 34. Rg1 Nxf4 35. Rb1 Qxb1+ 36. Qxb1 Rxb1+ 37. Kxb1 Nxd5 38. cxd5 Rxf2 39. e6+ Kg8 40. d6 Rb2+ 41. Kc1 Rb8 42. d7 Bd4 43. Rg4 Kg7 44. Rg3 Kf6 45. Rb3 Rd8 46. Rb7 Kxe6 47. Rxa7 Rxd7 0-1

[Event "Parana-ch"]
[Site "Foz do Iguacu"]
[Date "2008.01.25"]
[Round "5"]
[White "Pereira, Fernanda"]
[Black "Flores, Claudir"]
[Result "1/2-1/2"]
[WhiteElo "1853"]
[BlackElo "1800"]
[PlyCount "41"]
[EventDate "2008.01.23"]
[EventType "swiss"]
[EventRounds "9"]
[EventCountry "BRA"]
[SourceTitle "EXT 2010"]
[Source "ChessBase"]
[SourceDate "2010.11.25"]
[SourceVersion "1"]
[SourceVersionDate "2010.11.25"]
[SourceQuality "1"]

1. d4 Nf6 2. c4 g6 3. Nc3 Bg7 4. Nf3 0-0 5. Bg5 d6 6. h3 Nc6 7. e3 h6 8. Bh4 Bd7 9. a3 a6 10. Qc2 Bf5 11. e4 Bd7 12. Bd3 e5 13. d5 Na7 14. Bxf6 Bxf6 15. 0-0 Bg7 16. Qc1 Qf6 17. Qe3 c6 18. a4 c5 19. b3 Nc8 20. Nh2 Ne7 21. Ne2 1/2-1/2

[Event "Parana-ch"]
[Site "Foz do Iguacu"]
[Date "2008.01.23"]
[Round "2"]
[White "Pereira, Everaldo Cordeiro"]
[Black "Flores, Claudir"]
[Result "1/2-1/2"]
[WhiteElo "1846"]
[BlackElo "1800"]
[PlyCount "70"]
[EventDate "2008.01.23"]
[EventType "swiss"]
[EventRounds "9"]
[EventCountry "BRA"]
[SourceTitle "EXT 2010"]
[Source "ChessBase"]
[SourceDate "2010.11.25"]
[SourceVersion "1"]
[SourceVersionDate "2010.11.25"]
[SourceQuality "1"]

1. e4 c5 2. Nf3 Nc6 3. d3 g6 4. Nbd2 Bg7 5. g3 Nf6 6. Bg2 0-0 7. 0-0 d6 8. Re1 Bg4 9. c3 Qd7 10. Nf1 Bh3 11. Bh1 e5 12. Ne3 Rad8 13. Ng5 Be6 14. Nd5 Bxd5 15. exd5 Ne7 16. c4 b5 17. f4 exf4 18. Bxf4 Nh5 19. Qf3 Nf5 20. Rab1 Nd4 21. Qf2 Rfe8 22. Bxd6 Rxe1+ 23. Rxe1 Qxd6 24. Qxf7+ Kh8 25. Qb7 Rf8 26. Nf7+ Rxf7 27. Qxf7 Nf6 28. Re7 Nf5 29. Rxa7 Qf8 30. Qe6 Ng4 31. Rf7 Bd4+ 32. Kf1 Nge3+ 33. Ke2 Qg8 34. cxb5 Bxb2 35. Qd7 Ng4 1/2-1/2